LIBRARY & INFORMATION CENTRE, KCAET, TAVANUR

ONLINE PUBLIC ACCESS CATALOGUE (OPAC)

Farm machinery maintenance and management (Record no. 13627)

MARC details
000 -LEADER
fixed length control field 00364nam a22001457a 4500
020 ## - INTERNATIONAL STANDARD BOOK NUMBER
ISBN 9788171640942
082 ## - DEWEY DECIMAL CLASSIFICATION NUMBER
Classification number 631.3068
Item number SUR/FA
100 ## - MAIN ENTRY--AUTHOR NAME
Personal name Surendra Singh
245 ## - TITLE STATEMENT
Title Farm machinery maintenance and management
250 ## - EDITION STATEMENT
Edition statement 1
260 ## - PUBLICATION, DISTRIBUTION, ETC. (IMPRINT)
Place of publication New Delhi
Name of publisher Indian Council of Agricultural Research
Year of publication 2009
300 ## - PHYSICAL DESCRIPTION
Number of Pages 214
700 ## - ADDED ENTRY--PERSONAL NAME
Personal name Verma, S.R
942 ## - ADDED ENTRY ELEMENTS (KOHA)
Koha item type Books
Holdings
Withdrawn status Lost status Damaged status Collection code Home library Current library Shelving location Date acquired Cost, normal purchase price Full call number Accession Number Koha item type
      Non-fiction KAUAET KAUAET General Stacks 31/03/2012 475.00 631.3068 SUR/FA 23603 Books
      Non-fiction KAUAET KAUAET General Stacks 31/03/2012 475.00 631.3068 SUR/FA 23604 Books
      Non-fiction KAUAET KAUAET General Stacks 31/03/2012 475.00 631.3068 SUR/FA 23605 Books
      Non-fiction KAUAET KAUAET General Stacks 31/03/2012 475.00 631.3068 SUR/FA 23606 Books
      Non-fiction KAUAET KAUAET General Stacks 31/03/2012 475.00 631.3068 SUR/FA 23607 Books
      Non-fiction KAUAET KAUAET General Stacks 31/03/2012 475.00 631.3068 SUR/FA 23608 Books
      Non-fiction KAUAET KAUAET General Stacks 31/03/2012 475.00 631.3068 SUR/FA 23609 Books
      Non-fiction KAUAET KAUAET General Stacks 31/03/2012 475.00 631.3068 SUR/FA 23610 Books
      Non-fiction KAUAET KAUAET General Stacks 31/03/2012 475.00 631.3068 SUR/FA 23611 Books
      Non-fiction KAUAET KAUAET General Stacks 31/03/2012 475.00 631.3068 SUR/FA 23612 Books
        KAUAET KAUAET   25/09/2018   631.3068 SUR/FA 25669 Books
free website counter